Normal view
MARC view
Entry Personal Name
001 - CONTROL NUMBER
- control field: 78649
003 - CONTROL NUMBER IDENTIFIER
- control field: dpl
005 - DATE AND TIME OF LATEST TRANSACTION
- control field: 20250225115807.0
008 - FIXED-LENGTH DATA ELEMENTS
- fixed length control field: 250225|| aca||aabn | a|a d
040 ## - CATALOGING SOURCE
- Original cataloging agency: dpl
- Transcribing agency: dpl
100 ## - HEADING--PERSONAL NAME
- Personal name: Pettie ,Andrew
670 ## - SOURCE DATA FOUND
- Source citation: Work cat.: (dpl)209717: D’Efilippo ,Valentina 78648, Britannica’s Encyclopedia Infographica /, 2024
